000
00219 a2200097 4500
001
13018
100
_a
Bazeel Haq Mehmood
245
_a
Sagakh Iwavira (664 B action)
260
_a
_b
Sange-e-Meel
_c
090
_c
10024
_d
10024
942
_a
NUST-CAE
_c
M
_c
31
999
_c
248091
_d
248091